Name the Artist from the Album - Statistics

General Stats
  • This quiz has been taken 42 times
  • The average score is 15 of 41
Answer Stats
Album Artist % Correct
1989 Taylor Swift
79%
21 Adele
76%
Rumors Fleetwood Mac
74%
Dookie Green Day
65%
Lemonade Beyonce
62%
GUTS Olivia Rodrigo
62%
Hunky Dory David Bowie
59%
Rubber Soul The Beatles
59%
WHEN WE ALL FALL ASLEEP, WHERE DO WE GO? Billie Eilish
56%
Fine Line Harry Styles
50%
Songs in the Key of Life Stevie Wonder
50%
808s & Heartbreak Kanye West
47%
Hot Fuss The Killers
44%
Melodrama Lorde
41%
Stick Season Noah Kahan
41%
Speakerboxxx/The Love Below OutKast
41%
Mellon Collie and the Infinite Sadness The Smashing Pumpkins
41%
The Fame Lady Gaga
38%
the record boygenius
35%
Wasteland, Baby! Hozier
35%
Songs About Jane Maroon 5
35%
52nd Street Billy Joel
32%
K-12 Melanie Martinez
32%
Sheer Heart Attack Queen
32%
How Big, How Blue, How Beautiful Florence and the Machine
29%
Golden Hour Kacey Musgraves
29%
Trench twenty one pilots
29%
Honky Château Elton John
26%
Infinity on High Fall Out Boy
26%
Danger Days: The true Lives of the Fabulous Killjoys My Chemical Romance
26%
In the Aeroplane Over the Sea Neutral Milk Hotel
26%
Pretty. Odd. Panic! At the Disco
26%
Electric Warrior T. Rex
24%
Arrival ABBA
21%
When the Pawn... Fiona Apple
21%
Louder Than Bombs The Smiths
18%
Shaka Rock Jet
9%
Costello Music The Fratellis
9%
Oh, Inverted World The Shins
9%
DECIDE Djo
6%
The Point! Harry Nilsson
6%
No matching quizzes found
Score Distribution
Percent of People with Each Score
Percentile by Number Answered
Your Score History
You have not taken this quiz